Fast typing - "Mad Waitress" - Statistics

General Stats
  • This quiz has been taken 13 times
  • The average score is 6 of 11
Answer Stats
Hint Answer % Correct
It was a shit shift. You served a salmon roll to someone allergic. It was a shit shift. You served a salmon roll to someone allergic.
100%
Sat with simultaneous eight-tops, you cursed your lack of an addy. Sat with simultaneous eight-tops, you cursed your lack of an addy.
83%
The boss poked a chopstick into your cheek: smile, you look like a bitch. The boss poked a chopstick into your cheek: smile, you look like a bitch.
83%
You’re not the nicest waitress, your name pops up in more than a few one-star reviews. You’re not the nicest waitress, your name pops up in more than a few one-star reviews.
83%
Amazing how pissy people are when you tell them nobody gets refilled for free. Amazing how pissy people are when you tell them nobody gets refilled for free.
67%
Craving a new one, you drive to the piercing studio, which is closed. Craving a new one, you drive to the piercing studio, which is closed.
67%
Leaving, you’re eaten by an old hole. Leaving, you’re eaten by an old hole.
67%
Inside, a girl mops up before she locks up; the shred of her, fluorescent-lit. Inside, a girl mops up before she locks up; the shred of her, fluorescent-lit.
50%
To feel your self needs a scant teaspoon of pain, soul thrown back in your face; for example, the cook likes his nipples twisted. To feel your self needs a scant teaspoon of pain, soul thrown back in your face; for example, the cook likes his nipples twisted.
17%
Whither will you speed next, mad waitress, who spent your break ten screaming in the walk-in? Whither will you speed next, mad waitress, who spent your break ten screaming in the walk-in?
17%
He often says this to your chest. He often says this to your chest.
0%
No matching quizzes found
Score Distribution
Percent of People with Each Score
Percentile by Number Answered
Your Score History
You have not taken this quiz